Public boundaries and the Ordnance Survey, 1840 - 1980 (Record no. 94686)

MARC details
000 -LEADER
fixed length control field 00487cam a2200193 4500
001 - CONTROL NUMBER
control field D1555
008 - FIXED-LENGTH DATA ELEMENTS--GENERAL INFORMATION
fixed length control field 090401t1980 xxu||||| |||| 00| 0 eng d
035 ## - SYSTEM CONTROL NUMBER
System control number (Sirsi) u64543
041 ## - LANGUAGE CODE
Language code of text/sound track or separate title eng
050 ## - LIBRARY OF CONGRESS CALL NUMBER
Classification number 526.98
100 ## - MAIN ENTRY--PERSONAL NAME
Personal name Booth, J.R.S.
245 ## - TITLE STATEMENT
Title Public boundaries and the Ordnance Survey, 1840 - 1980
260 ## - PUBLICATION, DISTRIBUTION, ETC.
Place of publication, distribution, etc. Southampton, Hants
Name of publisher, distributor, etc. Ordnance Survey
Date of publication, distribution, etc. 1980
300 ## - PHYSICAL DESCRIPTION
Extent 451p. 29cm
350 ## - PRICE (NR) (BK AM CF MU VM SE) [OBSOLETE]
Price 18.7
700 ## - ADDED ENTRY--PERSONAL NAME
Personal name Powell, R.A.G (ed)
942 ## - ADDED ENTRY ELEMENTS (KOHA)
Suppress in OPAC 0
948 ## - LOCAL PROCESSING INFORMATION (OCLC); SERIES PART DESIGNATOR (RLIN)
c (OCLC) 04/03/1997
Holdings
Withdrawn status Lost status Source of classification or shelving scheme Damaged status Not for loan Home library Current library Shelving location Date acquired Cost, normal purchase price Total Checkouts Full call number Barcode Date last seen Copy number Cost, replacement price Price effective from Koha item type
    Dewey Decimal Classification     London London Basement 14/09/1999 18.70   BASEMENT 30004093 06/08/2019 1 18.70 06/08/2019 Book